El gran conflicto : (Registro nro. 9124)

Detalles MARC
000 -LIDER
fixed length control field 00578nam a22001937a 4500
003 - IDENTIFICACDOR DE NÚMERO DE CONTROL
control field DO-SdBNP
005 - DATE AND TIME OF LATEST TRANSACTION
control field 20151216134414.0
008 - ELEMENTOS DE LONGITUD FIJA
fixed length control field 151216b 1954 cau xxu||||| |||| 00| 0 spa d
040 ## - FUENTE DE CATALOGACIÓN
Agencia que crea de manera original el registro BPMSU
Idioma de catalogación spa
Agencia que realiza la transcripción BPMSU
092 ## - LOCALLY ASSIGNED DEWEY DECIMAL CALL NUMBER
Número de clasificación xxxxx
Número de ítem (Cutter) xxxxx
100 1# - ASIENTO PRINCIPAL -- NOMBRE PERSONAL
Nombre personal White, Elena G.
245 10 - MENCIÓN DE TITULO
Título El gran conflicto :
Subtítulo durante la era cristiana /
Mención de responsabilidad Elena G. de White.
250 ## - MENCIÓN DE EDICION
Mención de edición 5ta reimpr
260 ## - PUBLICACIÓN, DISTRIBUCIÓN, ETC. (PIE DE IMPRENTA)
Lugar de publicación, distribución, etc Mountain View, California
Nombre del editor, distribuidor, etc. Publicaciones Interamericanas,
Fecha de publicación, distribución, etc 1954.
Fecha de impresión 1980.
300 ## - DESCRIPCIÓN FÍSICA
Extensión 656 p. ;
Dimensiones 18 cm.
910 ## - VALIDACIÓN
Validación 00260
942 ## - ADDED ENTRY ELEMENTS (KOHA)
Source of classification or shelving scheme Dewey Decimal Classification
Koha item type Libros
956 ## - LOCAL ELECTRONIC LOCATION AND ACCESS (OCLC)
Nombre de host Lorenza Pérez
Número de acceso 10
Existencias
Withdrawn status Lost status Source of classification or shelving scheme Damaged status Not for loan Collection code Home library Current library Date acquired Source of acquisition Total Checkouts Barcode Date last seen Price effective from Koha item type
    Dewey Decimal Classification       Biblioteca Pública Metropolitana Salomé Ureña Biblioteca Pública Metropolitana Salomé Ureña 12/16/2015 Donación   BPMSU15120159 12/16/2015 12/16/2015 Libros